| 000 | 00530nam a22001937a 4500 | ||
|---|---|---|---|
| 005 | 20260515115105.0 | ||
| 008 | 250808b |||||||| |||| 00| 0 eng d | ||
| 020 | _a9789380261300 | ||
| 040 |
_aIN-DiNC _cIN-DiNC |
||
| 041 | _deng | ||
| 082 |
_a305.4 _bDAS |
||
| 100 |
_aDas, Madhushree _eauthor |
||
| 245 |
_aTribal women of Assam: _ba social geographic perspective/ _cby Madhushree Das |
||
| 250 | _a1st ed. | ||
| 260 |
_aGuwahati: _bEBH publishers, _c2012. |
||
| 300 | _a251p. | ||
| 650 | _aWoman of Assam | ||
| 942 |
_2ddc _cBK |
||
| 999 |
_c12161 _d12161 |
||